| 000 | 00754nam a2200217Ia 4500 | ||
|---|---|---|---|
| 003 | OSt | ||
| 005 | 20210720100846.0 | ||
| 008 | 210310s1996 ck ad gr 000 0 spa d | ||
| 040 |
_aCO-JMCR _cCO-JMCR |
||
| 041 | 0 | _aspa | |
| 082 | 0 | 4 |
_a332.9 / _bS959u _223 |
| 110 | 1 |
_aColombia. _bSuperintendencia de Valores _95896 |
|
| 245 | 1 | 0 |
_aUn nuevo enfoque para el mercado de valores / _cSuperintendencia de Valores |
| 260 |
_aBogotá : _bSuperintendencia de Valores, _c1996 |
||
| 300 |
_a286 páginas : _bilustraciones y gráficas a blanco y negro ; _c25 cm. |
||
| 500 | _aIncluye notas a pie de páginas. | ||
| 504 | _aBibliografía: páginas 285-286 | ||
| 505 | 0 | _aDiscursos -- Informes especiales | |
| 650 | 1 | 4 |
_aValores _916285 _zColombia |
| 942 |
_2ddc _cBK |
||
| 999 |
_c8082 _d8082 |
||